عرض عادي عرض مارك
  • Shabaab (Organization)

دخول Corporate Name

عدد التسجيلات المستخدمة: 1

001 - CONTROL NUMBER

  • control field: 28339

003 - CONTROL NUMBER IDENTIFIER

  • control field: AE-AdECS

005 - DATE AND TIME OF LATEST TRANSACTION

  • control field: 20260406102506.0

008 - FIXED-LENGTH DATA ELEMENTS

  • fixed length control field: 260406|| aca||aabn | a|a d

040 ## - CATALOGING SOURCE

  • Original cataloging agency: AE-AdECS
  • Transcribing agency: AE-AdECS

110 ## - HEADING--CORPORATE NAME

  • Corporate name or jurisdiction name as entry element: Shabaab (Organization)

670 ## - SOURCE DATA FOUND

  • Source citation: Work cat.: (AE-AdECS)294657: Alblooshi, Kalthoum, author 28319, Adapting Counterterrorism Frameworks Comparative Analysis of the AMISOM and ATMIS missions in Somalia from 2007 to 2024 /

أبوظبي، الإمارات العربية المتحدة

reference@ecssr.ae

97124044780 +

حقوق النشر © 2026 مركز الإمارات للدراسات والبحوث الاستراتيجية جميع الحقوق محفوظة